000 00728nam a2200253 i 4500
001 5886
003 ES-MaACL
005 20240508104539.0
007 t|
008 890613s1989 sp ||||1| spa d
020 _a84-7658-155-6
080 _a86-32"19"
080 _a86(Jimenez Lozano,J.7 S.01)
100 1 _aJiménez Lozano, José.
_966552
245 1 0 _aSara de Ur /
_cJose Jimenez Lozano.
250 _a1a ed.
260 _aBarcelona :
_bAnthropos,
_c1989.
300 _a125 p. ;
_c20 cm.
490 1 _aAmbitos literarios. Narrativa ;
_v29
830 0 0 _aÁmbitos literarios.
_pNarrativa ;
_v29
_9177289
852 _aES-MaACL
_jL-13019
_bR.116637
_z. - rust.
942 _2udc
999 _c5886
_d5886